Word Ladder: Celebrity Chef Quiz Stats

Quiz Updated Jun 9, 2015

Challenge
Share
Tweet
Embed
Score 0/15 Timer 01:00
2 Plays Today
Hint 4-Letter Word % Correct
'The Three Little Pigs' antagonistWOLF
98.3%
Sport where you aim for a hole-in-oneGOLF
98.3%
Precious yellow metalGOLD
97.9%
HairlessBALD
97.8%
A group of musiciansBAND
97%
Daring; braveBOLD
95.2%
The sound of an explosionBANG
93.7%
A criminal groupGANG
92.2%
Hint 4-Letter Word % Correct
Departed; leftGONE
89.4%
Opening in the skin, for sweatPORE
88.1%
Instrument played with a malletGONG
87.9%
Horror film stapleGORE
83.8%
Flesh of pigs used as food PORK
83.7%
Ice hockey diskPUCK
80.8%
A small indentation or markPOCK
71.7%

Today's Daily Dose

Missing Word
NPR Programs

Quick Pick
1991 Events

On This Day
June 18th II

You're not logged in!

Compare scores with friends on all Sporcle quizzes.
Join for Free
OR
Log In

You Might Also Like...

Show Comments

Extras

Top Quizzes Today


Score Distribution

Your Account Isn't Verified!

In order to create a playlist on Sporcle, you need to verify the email address you used during registration. Go to your Sporcle Settings to finish the process.

Report this User

Report this user for behavior that violates our Community Guidelines.

Details: